Estadística aplicada a los negocios y la economía /

Contenido: El papel de la estadística; Descripción de los conjuntos de datos; Medidas de tendencia central y de dispersión; Principios de probabilidad; Distribuciones de probabilidad; Distribuciones muestrales; Estimación de intervalos de confianza; Prueba de hipótesis; Pruebas cuando se tienen dos...

Täydet tiedot

Tallennettuna:
Bibliografiset tiedot
Päätekijä: Webster, Allen L. (autor)
Aineistotyyppi: Kirja
Kieli:espanja
Julkaistu: Bogotá, Colombia : McGraw-Hill, 2000, c2000
Painos:3a edición
Aiheet:
Tagit: Lisää tagi
Ei tageja, Lisää ensimmäinen tagi!

MARC

LEADER 00000nam^a2200000^a^4500
001 000185432
005 20250521000000.0
009 20260310102151.421
020 |a 958-410-072-6 
037 |a Acervo ITESO - Biblioteca 
041 |a ESP 
082 |a 519. 502433  |b WEB 
100 |a Webster, Allen L.  |e (autor) 
245 1 0 |a Estadística aplicada a los negocios y la economía /  |c A.L. Webster ; tr. por Yelka María García. 
250 |a 3a edición 
264 4 |a Bogotá, Colombia :  |b McGraw-Hill,  |c 2000, c2000 
300 |a XIII, 640 p. 
336 |a texto  |b txt  |2 rdacontenido 
337 |a sin mediación  |b n  |2 rdamedio 
338 |a volumen  |b nc  |2 rdasoporte 
500 |a Traducción de: Applied Statistics for Business and Economics: An Essentials Version 
520 |a Contenido: El papel de la estadística; Descripción de los conjuntos de datos; Medidas de tendencia central y de dispersión; Principios de probabilidad; Distribuciones de probabilidad; Distribuciones muestrales; Estimación de intervalos de confianza; Prueba de hipótesis; Pruebas cuando se tienen dos poblaciones; Análisis de varianza; Regresión simple y correlación; Regresión múltiple y correlación; Series de tiempo y números; Prueba chi-cuadrado y otras pruebas no paramétricas; Técnicas de control de calidad; Apéndices. 
649 |a XX 
650 |a Estadística -  |x Tema Principal 
650 |a Matemáticas Financieras 
650 |a Economía 
650 |a Matemáticas 
910 |a Fondo General 
920 |a Impresos - Libros 
930 |a Colección General 
905 |a 101 
901 |a 0500126911  |b IT1  |c ACC  |u 20250521 
901 |a 0500244380  |b IT1  |c ACC  |i D68540  |u 20250521 
902 |a https://opac.biblio.iteso.mx/vufind/Record/000185432